Perspectives on dyslexia

Αποθηκεύτηκε σε:
Λεπτομέρειες βιβλιογραφικής εγγραφής
Άλλοι συγγραφείς: Pavlidis, George Th (Επιμελητής έκδοσης)
Μορφή: Βιβλίο
Γλώσσα:English
Δημοσίευση: Chichester ; New York : John Wiley, c1990
Θέματα:
Ετικέτες: Προσθήκη ετικέτας
Δεν υπάρχουν, Καταχωρήστε ετικέτα πρώτοι!

MARC

LEADER 00000nam a2200000 i 4500
001 1/85788
008 981022s1990 eng d
020 |a 0-471-92204-8 (v.1) 
020 |a 0-471-92484-9 (v.2) 
035 |l 10034785 
035 |a 1992  |b 1  |c Πολεμικός 
040 |a GR-MY-UA  |b gre  |e aacr 
041 0 |a eng 
082 0 |a 616.8553  |2 (20) 
245 1 0 |a Perspectives on dyslexia /  |c edited by George Th. Pavlidis 
260 |a Chichester ; New York :   |b John Wiley,   |c c1990 
300 |a 2 v.;  |b ill.;  |c 24 cm 
504 |a Includes bibliographical references and indexes 
505 0 |a v.1: Neurology, Neuropsychology and genetics. - v.2: Cognition, language, and treatment 
650 0 0 |a Dyslexia. 
700 1 |a Pavlidis, George Th.  |4 edt 
740 0 2 |a Neurology, neuropsychology and genetics 
740 0 2 |a Cognition, Language and Treatment 
852 |a INST  |b RHODES  |e 19981022  |h 616.8553 PER  |p 005400008044  |q 005400008044  |t BK  |y 0  |z v.2 
852 |a INST  |b RHODES  |e 19981022  |h 616.8553 PER  |p 005400008045  |q 005400008045  |t BK  |y 0  |z v.1 
852 |a INST  |b RHODES  |e 19981022  |h 616.8553 PER  |p 005400008044  |q 005400008044  |t BK  |v v.2:  |y 0  |z v.2 
852 |a INST  |b RHODES  |e 19981022  |h 616.8553 PER  |p 005400008045  |q 005400008045  |t BK  |v v.1:  |y 0  |z v.1 
853 |a INST  |b RHODES  |h 616.8553 PER 
909 |a Ρ  |b 022782  |c 1992 
909 |a Ρ  |b 022783  |c 1992